000 00386 a2200121 4500
082 _a297.124
100 _a Khan, Ahmad Yaar
245 _aAmrat-ul-Manajeeh (Vol I)
_cAhmad Yaar Khan
_h[Urdu]
260 _aLahore: Zia-ul-Quran Publications, 1959.
300 _a480 p. ;
_c25 cm.
650 _a 1.Quran (Surahs) -- Commentaries. 2.Quran -- Translations into Urdu
942 _cBK
_k297.124 KHA
999 _c7187
_d7187